000
00314nam a22001337a 4500
020
_a
192149857
082
_a
332.454 STR
100
_a
Strange, Susan
245
_a
sterling and british policy
260
_a
London
_b
Oxford university
_c
1971
300
_a
xiv,363p.
_b
21cm.
500
_a
Include index
942
_c
BK
999
_c
15051
_d
15051